LDR 01193nam a2200277 i 4500 001 000000076828 003 CaOOAMICUS 005 20260515124448.0 008 040903s2004 fr u000 u fre u 013 $a48000 020 $a2-8309-1101-6 040 $aSeMil$bita 100 1 $aSiegwalt, Gérard,$d<1932- >.$0(OLS)http://semarc/name/2566 245 10$aProblématique scientifique et philosophique /$cGérard Siegwalt. 260 $aParis :$bLes Éditions du Cerf,$c2004. 300 $a224 p. ;$c22 cm. 650 4$aAntropologia filosofica.$0(OLS)http://semarc/subject/976 650 4$aTeologia dogmatica.$0(OLS)http://semarc/subject/68 773 0 $aSiegwalt, Gérard <1932- >$tAffirmation de la foi.$dParis : Les Éditions du Cerf, 2004-2005.$g1$w()367827 850 $aSeMil 852 $aSeMil$W1$xVenegono$y1$m2B II 666$j272053$B42980$CSeMilBibl$Z2$F86010 $81 961 $aAcquisto: SODIS 996 $6020$a2-8309-1101-6$9(OLS)http://semarc/number/58017 996 $6245$aProblématique scientifique et philosophique$9(OLS)http://semarc/title/124612 996 $6260$aParis :$bLes Éditions du Cerf$9(OLS)http://semarc/publisher/29611